000 003340000a22001090004500
100 1 _aCook, Guillermo
245 1 0 _aConflictividad social y eclesiológica: las comunidades eclesiásticas de base
300 _aVol. 11, Num. 2 (Diciembre, 1991), Páginas 59-63
650 1 4 _aIGLESIA-UNIDAD
773 0 _tVida y Pensamiento
942 _cANA
999 _c62718
_d62718